| 000 | 00702nam a2200205 i 4500 | ||
|---|---|---|---|
| 001 | 28383 | ||
| 003 | ES-MaACL | ||
| 005 | 20250814230834.0 | ||
| 007 | t| | ||
| 008 | 030117s1963 sp ||||1| spa d | ||
| 100 | 1 |
_aBainton, Roland H. _924734 |
|
| 245 | 1 | 0 |
_aActitudes cristianas ante la guerra y la paz _b: examen histórico y nueva valoración crítica / _cRoland H. Bainton ; [traducción de Rafael Muñoz-Rojas]. |
| 260 |
_aMadrid : _bTecnos, _c[1963] |
||
| 300 |
_a247 p. ; _c24 cm. |
||
| 490 | 1 |
_aCiencias sociales ; _v27 |
|
| 700 | 1 |
_aMuñoz-Rojas, Rafael. _984490 |
|
| 830 | 0 | 0 |
_aCiencias sociales _v27 _9177859 |
| 852 |
_aES-MaACL _jC-26718 _bR.55743 |
||
| 999 |
_c28383 _d28383 |
||